header

Cataract surgery : (Record no. 98379)

MARC details
000 -LEADER
fixed length control field 01833nam a2200409 i 4500
001 - CONTROL NUMBER
control field ebr10848742
003 - CONTROL NUMBER IDENTIFIER
control field CaPaEBR
006 - FIXED-LENGTH DATA ELEMENTS--ADDITIONAL MATERIAL CHARACTERISTICS--GENERAL INFORMATION
fixed length control field m o d
007 - PHYSICAL DESCRIPTION FIXED FIELD--GENERAL INFORMATION
fixed length control field cr cn|||||||||
008 - FIXED-LENGTH DATA ELEMENTS--GENERAL INFORMATION
fixed length control field 140325t20142014njuao o 000 0 eng d
020 ## - INTERNATIONAL STANDARD BOOK NUMBER
Cancelled/invalid ISBN 9781617116063
International Standard Book Number 9781630910044 (e-book)
040 ## - CATALOGING SOURCE
Original cataloging agency CaPaEBR
Language of cataloging eng
Description conventions rda
-- pn
Transcribing agency CaPaEBR
035 ## - SYSTEM CONTROL NUMBER
System control number (OCoLC)878142328
050 14 - LIBRARY OF CONGRESS CALL NUMBER
Classification number RE451
Item number .B873 2014eb
082 04 - DEWEY DECIMAL CLASSIFICATION NUMBER
Classification number 617.742059
Edition number 23
100 1# - MAIN ENTRY--PERSONAL NAME
Personal name Buratto, Lucio,
Relator term author.
245 10 - TITLE STATEMENT
Title Cataract surgery :
Remainder of title phaco and femtophaco techniques /
Statement of responsibility, etc Lucio Buratto, Stephen Brint, Rosalia Sorce ; Massimiliano Crespi and Lucio Burrato, illustrations.
264 #1 - PRODUCTION, PUBLICATION, DISTRIBUTION, MANUFACTURE, AND COPYRIGHT NOTICE
Place of production, publication, distribution, manufacture Thorofare, New Jersey :
Name of producer, publisher, distributor, manufacturer SLACK Incorporated,
Date of production, publication, distribution, manufacture, or copyright notice 2014.
Date of production, publication, distribution, manufacture, or copyright notice �2014
300 ## - PHYSICAL DESCRIPTION
Extent 1 online resource (193 pages) :
Other physical details illustrations, photographs
336 ## - CONTENT TYPE
Content type term text
Source rdacontent
337 ## - MEDIA TYPE
Media type term computer
Source rdamedia
338 ## - CARRIER TYPE
Carrier type term online resource
Source rdacarrier
588 ## - SOURCE OF DESCRIPTION NOTE
Source of description note Description based on online resource; title from PDF title page (ebrary, viewed March 25, 2014).
590 ## - LOCAL NOTE (RLIN)
Local note Electronic reproduction. Palo Alto, Calif. : ebrary, 2014. Available via World Wide Web. Access may be limited to ebrary affiliated libraries.
650 #0 - SUBJECT ADDED ENTRY--TOPICAL TERM
Topical term or geographic name as entry element Phacoemulsification
Form subdivision Methods.
Topical term or geographic name as entry element Laser Therapy
Form subdivision Methods.
655 #0 - INDEX TERM--GENRE/FORM
Genre/form data or focus term Electronic books.
700 1# - ADDED ENTRY--PERSONAL NAME
Personal name Brint, Stephen,
Relator term author.
Personal name Sorce, Rosalia,
Relator term author.
Personal name Crespi, Massimiliano,
Relator term illustrator.
Personal name Burrato, Lucio,
Relator term illustrator.
776 08 - ADDITIONAL PHYSICAL FORM ENTRY
Display text Print version:
Main entry heading Buratto, Lucio.
Title Cataract surgery : phaco and femtophaco techniques.
Place, publisher, and date of publication Thorofare, New Jersey : SLACK Incorporated, c2014
Physical description 175 pages
International Standard Book Number 9781617116063
797 2# - LOCAL ADDED ENTRY--CORPORATE NAME (RLIN)
Corporate name or jurisdiction name as entry element ebrary.
856 40 - ELECTRONIC LOCATION AND ACCESS
Uniform Resource Identifier <a href="http://site.ebrary.com/lib/rucke/Doc?id=10848742">http://site.ebrary.com/lib/rucke/Doc?id=10848742</a>
Public note An electronic book accessible through the World Wide Web; click to view

No items available.

© 2026 Rongo University
Contact us: librarian | system librarian | Rongo university